000 00483nam a2200169Ia 4500
999 _c26931
_d26931
003 OSt
005 20211117123652.0
008 190216s9999||||xx |||||||||||||| ||und||
040 _coclc
082 _a894.8124
_bBAL/S
100 _aBalaram, N E
_98912
245 0 _aSamskaravum Sahithyavum /
_cN E Balaram
260 _bPoorna Publication,
_aKozhikode:
_c1985.
300 _a137p
650 _aLekhanam
942 _cBK
_2ddc
_h894.8124
_iBAL/S
_k894.8124
_mBAL/S